| 000 | 00731nam a22001817a 4500 | ||
|---|---|---|---|
| 999 |
_c536146 _d536146 |
||
| 003 | NUST | ||
| 038 | _aIESE | ||
| 082 |
_a628 _bLAT |
||
| 100 |
_aNoor Sohail Latif, Khola Saeed Raja, Syed Hasan Abbas _931086 |
||
| 245 |
_aComparitive study of the impacts of magnetized and unmagnetized groundwater on irriagation system and agriculture _cNoor Sohail Latif, Khola Saeed Raja, Syed Hasan Abbas |
||
| 260 |
_aIslamabad _bIESE (SCEE) NUST _c2020 |
||
| 300 | _a53p. | ||
| 440 |
_aUG Environmental Engineering _91834 |
||
| 500 | _aThesis UG EE | ||
| 650 |
_aEnvironmental Engineering _91550 |
||
| 700 | _4Dr. Yousuf Jamal (Supervisor) | ||
| 942 |
_2ddc _cTHE _kIESE |
||